000 00421nam a2200181Ia 4500
001 12739
005 20260306163003.0
008 260306t2004||||xx |||||||||||||| ||spa||
041 _aESP
082 _aRD 103
_bF43
100 _aFerrater Mora, J.
_eAUT
245 0 _aDiccionario de filosofía:
_bK-P
260 _c2004
300 _apágs. :
_c20 cm.
650 _aGEN
654 _aCHU
942 _cDIC
_dJUS
_fJUS
_2ddc
_n
999 _c12739
_d12739